00609nam a2200205Ia 4500008004100000020001800041050001400059100002100073245003800094245003100132245002400163260001300187260002000200260000900220300001600229300002600245300001000271999001900281952010300300180207s9999 xx 000 0 und d a9781595661340 bM441 2008 aMatthews, Rupert 4aThe great big book of dinosaurs : bbecome a fossil explorer / cby Rupert Matthews. aLondon : bQEB Publishing, c2008 a120 pages : bcolor illustrations ; c30cm. c355866d355866 001040aSSISMbSSISMd2018-02-07l0oER M441 2008pSSISM5411r2018-02-07 00:00:00w2018-02-07yBK